000 00543nam a2200169 i 4500
001 32195
003 ES-MaACL
005 20230906154529.0
007 t|
008 030130s1973 sp ||||1| spa d
100 1 _aBerger Ibarra, Félix.
_927973
245 1 0 _aTécnicas gráficas
_b: Formación profesional. Segundo curso. Delineante de construcción /
_cFélix Berger Ibarra.
250 _a1ª ed.
260 _aSan Sebastián :
_bEd. Donostiarra,
_c1973.
300 _a293 p., 166 lám. ;
_c27 cm.
852 _aES-MaACL
_jC-54626
_bR.87351
999 _c32195
_d32195